000
00312nam a2200097Ia 4500
001
644464
005
20250826153605.0
008
250824s9999 xx 000 0 und d
245
0
_a
Arkadaşlığın Matematiği Bir Öğretmen ile Öğrencinin Matematik Hakkın
_c
Steven Strogatz
260
_b
TÜBİTAK YAYINLARI
999
_c
644464
_d
644464